000 00279nam a22001217a 4500
082 _a425
_bSHA/T
100 _aSHARMA, KADAMBARI
245 _aTEACHING OF ENGLISH
260 _aNEW DELHI
_bCOMMONWEALTH PUBLISHERS
300 _a164
650 _aVOCABULARY
_zNEW DELHI
942 _cBK
999 _c3943
_d3943